A path to modern mathematics

Αποθηκεύτηκε σε:
Λεπτομέρειες βιβλιογραφικής εγγραφής
Κύριος συγγραφέας: Sawyer, W. W. (Walter Warwick), 1911-2008
Μορφή: Βιβλίο
Γλώσσα:English
Δημοσίευση: Harmondsworth : Penguin, 1966
Σειρά:Introducing mathematics ; ; 4
Θέματα:
Ετικέτες: Προσθήκη ετικέτας
Δεν υπάρχουν, Καταχωρήστε ετικέτα πρώτοι!

MARC

LEADER 00000cam a2200000 i 4500
001 1/100787
008 090206s1966 eng d
035 |l 10102997 
040 |a GR-MY-UA  |b gre  |e aacr 
041 0 |a eng 
082 0 |a 510  |2 (22) 
100 1 |a Sawyer, W. W.   |q (Walter Warwick),   |d 1911-2008. 
245 1 2 |a A path to modern mathematics /  |c W. W. Sawyer 
260 |a Harmondsworth :   |b Penguin,   |c 1966 
300 |a 223 σ.;  |b πίν., διαγρ.;  |c 18 εκ. 
490 1 |a Introducing mathematics  |v ; 4 
650 0 0 |a Mathematics  |x Study and teaching. 
830 0 |a Introducing mathematics ;  |v ; 4 
852 |a INST  |b SAMOS  |c MAG  |e 20090206  |h 510 SAW  |p 005300029416  |q 005300029416  |t BK  |y 0 
901 |a BIBL3-2009-1 
909 |a Σ  |b 155553 
970 |a ΡΟΥΣΣΟΥ  |b ΚΩΝΣΤΑΝΤΙΝΑ  |z 2009/02/06